| 000 | 00597cam a2200229ua 4500 | ||
|---|---|---|---|
| 001 | 10467 | ||
| 005 | 20260515114627.0 | ||
| 008 | 190226n ii |||gr||||Z||||||asm | ||
| 020 | _a9788186384459 | ||
| 040 | _cMAIN | ||
| 041 | _aasm | ||
| 082 | _a891.4514 | ||
| 100 |
_aMadhab Bora, _eAuthor. |
||
| 245 |
_aAsamiya charit puthi aru jiwani sahitya _bek tulonamulok adhyayan |
||
| 250 | _a1st ed. | ||
| 260 |
_aGuwahati: _bAssam publishing company, _c2014. |
||
| 300 | _a252p. | ||
| 653 | _aAssamese literture | ||
| 653 | _aBiographical literature | ||
| 653 | _aJibani sahitya | ||
| 942 | _cBK | ||
| 999 |
_c9443 _d9443 |
||